[Event "Sparkassen-Open B"]
[Site "Heusenstamm, Martinsee"]
[Date "2016.11.27"]
[Round "2.15"]
[White "Bayer, Martin"]
[Black "Riemann, Jonas"]
[Result "1/2-1/2"]
[WhiteElo "1765"]
[BlackElo "1527"]
[PlyCount "114"]
[EventDate "2016.??.??"]
[WhiteTeam "SK Gründau"]
[BlackTeam "SK Bickenbach"]

1. Nf3 e6 2. g3 d5 3. d4 Nf6 4. Bg2 Bd6 5. b3 Nbd7 6. Bb2 c6 7. O-O O-O 8. Nbd2
Qc7 9. c4 dxc4 10. Nxc4 Nb6 11. Nxd6 Qxd6 12. Qc2 Bd7 13. a4 Qc7 14. Rac1 Rac8
15. e4 Rfd8 16. e5 Nfd5 17. Ba3 Be8 18. Nd2 f5 19. a5 Na8 20. Qc5 Bh5 21. Qxa7
Be2 22. Rfe1 Ba6 23. Nc4 Qd7 24. Nd6 Rb8 25. Qc5 Nac7 26. Qc2 Ra8 27. Qd2 Rab8
28. Bh3 h6 29. f4 h5 30. Bg2 Ra8 31. h3 g6 32. Bf3 Qh7 33. Nc4 Rd7 34. Bd6 Rad8
35. Nb6 Nxb6 36. axb6 Nb5 37. Bc5 Qg7 38. Rc4 Qf7 39. Rd1 Qe8 40. Ra1 Ra8 41.
Rca4 Rdd8 42. Be2 Rdb8 43. g4 Kh7 44. Kh2 hxg4 45. hxg4 Qh8 46. Bf3 Kg7+ 47.
Kg3 Kf7 48. Bxc6 fxg4 49. Kxg4 Qh5+ 50. Kg3 bxc6 51. Rxa6 Rxa6 52. Rxa6 Rh8 53.
Qg2 g5 54. Kf2 Qh4+ 55. Qg3 Qh1 56. b7 Rh2+ 57. Qxh2 Qxh2+ 1/2-1/2

[Event "Sparkassen-Open B"]
[Site "Heusenstamm, Martinsee"]
[Date "2016.11.27"]
[Round "2.16"]
[White "Ketting, Douwe"]
[Black "Schneider, Udo"]
[Result "1/2-1/2"]
[WhiteElo "1584"]
[BlackElo "1762"]
[PlyCount "64"]
[EventDate "2016.??.??"]
[WhiteTeam "SC Somborn"]
[BlackTeam "SK Marburg"]

1. b4 c5 2. bxc5 e5 3. Bb2 Nc6 4. e3 Bxc5 5. Nf3 d6 6. d3 Nh6 7. Be2 O-O 8. O-O
Be6 9. c4 Nf5 10. d4 exd4 11. exd4 Qb6 12. dxc5 Qxb2 13. Nbd2 dxc5 14. Qa4 Nfd4
15. Bd3 Qc3 16. Be4 Nxf3+ 17. Nxf3 Qxc4 18. Bxc6 bxc6 19. Qxc4 Bxc4 20. Rfc1
Bd5 21. Rxc5 Rab8 22. Nd4 Rb6 23. a3 Rfb8 24. Rac1 g6 25. h3 Ra6 26. R1c3 Rbb6
27. f3 Kf8 28. g3 Ke7 29. Kf2 Kd6 30. Ke3 Rb2 31. Nc2 Rab6 32. Nb4 Rb3 1/2-1/2

[Event "Sparkassen-Open B"]
[Site "Heusenstamm, Martinsee"]
[Date "2016.11.27"]
[Round "2.17"]
[White "Künitz, Klaus"]
[Black "Mook, Karl-Jürgen"]
[Result "1/2-1/2"]
[WhiteElo "1757"]
[BlackElo "1535"]
[PlyCount "64"]
[EventDate "2016.??.??"]
[WhiteTeam "TSV Schott Mainz"]
[BlackTeam "SC Sulzbach"]

1. d4 Nf6 2. c4 e6 3. Nf3 d5 4. Bg5 g6 5. Nc3 c6 6. e3 Bg7 7. Be2 O-O 8. O-O
Qd6 9. c5 Qc7 10. Bf4 Qd8 11. h3 Ne4 12. Qc2 Nxc3 13. Qxc3 Nd7 14. b4 Nf6 15.
a4 Ne4 16. Qc2 a5 17. b5 cxb5 18. axb5 Bd7 19. Rfc1 Qc8 20. Qb2 Qd8 21. Ra4 g5
22. Bh2 Qf6 23. c6 Bc8 24. Rca1 b6 25. Bd3 Qh6 26. Bxe4 dxe4 27. Ne5 Bxe5 28.
Bxe5 f6 29. Bc7 g4 30. hxg4 Rf7 31. Bxb6 Rg7 32. Rxa5 Rb8 1/2-1/2

[Event "Sparkassen-Open B"]
[Site "Heusenstamm, Martinsee"]
[Date "2016.11.27"]
[Round "2.18"]
[White "Goodwin, David"]
[Black "Schlömer, Andreas"]
[Result "1/2-1/2"]
[WhiteElo "1529"]
[BlackElo "1756"]
[PlyCount "68"]
[EventDate "2016.??.??"]
[WhiteTeam "SV Kelsterbach"]
[BlackTeam "SK Upland Willingen"]

1. Nf3 Nf6 2. g3 c5 3. Bg2 e6 4. O-O d5 5. d3 Be7 6. Nbd2 O-O 7. c4 Nc6 8. cxd5
exd5 9. a3 b6 10. e4 dxe4 11. dxe4 Qc7 12. e5 Nd5 13. Re1 Be6 14. h3 Rad8 15.
Qe2 Qc8 16. Kh2 Rfe8 17. Ne4 h6 18. Bd2 f6 19. Nc3 Nxc3 20. Bxc3 Bd5 21. Qc2
Bxf3 22. Bxf3 fxe5 23. Be4 Nd4 24. Bxd4 Rxd4 25. Bf5 Qd8 26. Be6+ Kh8 27. Qg6
Rd6 28. Qg4 Rf8 29. Kg2 Rd2 30. Re2 Rxe2 31. Qxe2 Qd4 32. Bg4 Rd8 33. Re1 Bf6
34. Bf5 Qd6 1/2-1/2

[Event "Sparkassen-Open B"]
[Site "Heusenstamm, Martinsee"]
[Date "2016.11.27"]
[Round "2.19"]
[White "Kirchner, Stefan"]
[Black "Bjoerknes, Uwe"]
[Result "1-0"]
[WhiteElo "1509"]
[BlackElo "1748"]
[PlyCount "43"]
[EventDate "2016.??.??"]
[WhiteTeam "SF Schöneck"]
[BlackTeam "SC Bergen-Enkheim"]

1. e4 d6 2. d4 c6 3. f4 Nf6 4. Nc3 Qa5 5. Bd2 Qc7 6. Nf3 Bg4 7. h3 Bxf3 8. Qxf3
Nbd7 9. f5 O-O-O 10. Bf4 e5 11. fxe6 fxe6 12. Bh2 e5 13. O-O-O Be7 14. Bc4 Kb8
15. Rd3 Ka8 16. Rhd1 Rhf8 17. Qe2 g6 18. g4 b5 19. Be6 a5 20. d5 b4 21. dxc6
Nc5 22. Nd5 1-0

[Event "Sparkassen-Open B"]
[Site "Heusenstamm, Martinsee"]
[Date "2016.11.27"]
[Round "2.20"]
[White "Hauk, Roland"]
[Black "Brunner, Andreas"]
[Result "1/2-1/2"]
[WhiteElo "1739"]
[BlackElo "1413"]
[PlyCount "64"]
[EventDate "2016.??.??"]
[WhiteTeam "SK Endingen"]
[BlackTeam "FV Berkersheim"]

1. e4 e6 2. d4 d5 3. Nd2 c5 4. c3 Nc6 5. Ne2 Nf6 6. e5 Nd7 7. f4 cxd4 8. cxd4
g6 9. Nf3 a6 10. a4 Nb6 11. b3 Bb4+ 12. Bd2 Qe7 13. Nc3 Bxc3 14. Bxc3 O-O 15.
a5 Nd7 16. Be2 f6 17. O-O Rf7 18. Qd2 Nf8 19. b4 Bd7 20. exf6 Qxf6 21. Ne5 Nxe5
22. fxe5 Qg7 23. Rxf7 Qxf7 24. Rf1 Qe7 25. Rf6 Bb5 26. Bg4 Kg7 27. h4 Rc8 28.
h5 Qc7 29. Rf3 Qe7 30. h6+ Kh8 31. Qf2 Kg8 32. Qd2 Kh8 1/2-1/2

[Event "Sparkassen-Open B"]
[Site "Heusenstamm, Martinsee"]
[Date "2016.11.27"]
[Round "2.21"]
[White "Schneider, Kevin"]
[Black "Jung, Kenny"]
[Result "1-0"]
[WhiteElo "1671"]
[BlackElo "1501"]
[PlyCount "37"]
[EventDate "2016.??.??"]
[WhiteTeam "SC Breuberg"]
[BlackTeam "SF Schöneck"]

1. e4 e5 2. Nf3 Nc6 3. Bc4 Bc5 4. c3 Nf6 5. d3 d6 6. Bb3 Be6 7. Bc2 Bg4 8. h3
Bh5 9. Nbd2 O-O 10. Nf1 Re8 11. g4 Bg6 12. Bg5 h6 13. Bh4 h5 14. Ng3 hxg4 15.
hxg4 d5 16. Bxf6 gxf6 17. Qc1 dxe4 18. Qh6 Bh7 19. Nh5 1-0

[Event "Sparkassen-Open B"]
[Site "Heusenstamm, Martinsee"]
[Date "2016.11.27"]
[Round "2.22"]
[White "Mayer, Rolf"]
[Black "Hambel, Christoph"]
[Result "0-1"]
[WhiteElo "1504"]
[BlackElo "1671"]
[PlyCount "70"]
[EventDate "2016.??.??"]
[WhiteTeam "SC Flörsheim"]
[BlackTeam "Bad Vilbeler Sfr"]

1. d4 Nf6 2. Nf3 c6 3. Bf4 d5 4. e3 e6 5. Nbd2 Bd6 6. Bg3 b6 7. Ne5 Bb7 8. c3
Qc7 9. Bd3 Nbd7 10. Ndf3 Ne4 11. Qc2 f5 12. O-O-O Nxg3 13. hxg3 Nxe5 14. Nxe5
Bxe5 15. dxe5 Qxe5 16. g4 g6 17. gxf5 exf5 18. Rh6 O-O-O 19. Rdh1 Qg7 20. Qa4
Kb8 21. Qh4 Rd7 22. Qf4+ Ka8 23. Qa4 Qf7 24. Kb1 c5 25. R1h2 Qe6 26. Qf4 d4 27.
cxd4 cxd4 28. Bb5 Be4+ 29. Ka1 Rc8 30. Rh1 Rdc7 31. exd4 Qd6 32. Qd2 Qb4 33.
Qe3 Qxb5 34. f3 Rc2 35. Rb1 Rxb2 0-1

[Event "Sparkassen-Open B"]
[Site "Heusenstamm, Martinsee"]
[Date "2016.11.27"]
[Round "2.23"]
[White "Thede, Stefan"]
[Black "Gade, Bernt"]
[Result "0-1"]
[WhiteElo "1646"]
[BlackElo "1259"]
[PlyCount "99"]
[EventDate "2016.??.??"]
[WhiteTeam "SV Frankfurt Nord"]
[BlackTeam "FV Berkersheim"]

1. Nf3 Nf6 2. g3 d5 3. Bg2 c5 4. d3 Nc6 5. O-O e5 6. c3 Be6 7. Nbd2 Bd6 8. e4
d4 9. a4 O-O 10. Ng5 Bg4 11. f3 Bh5 12. Nc4 Bc7 13. g4 Bg6 14. h4 h5 15. Nh3
Ne8 16. g5 f5 17. gxf6 gxf6 18. f4 Ng7 19. f5 Bf7 20. Rf3 dxc3 21. Na3 cxb2 22.
Bxb2 Kh7 23. Nb5 Nd4 24. Rg3 a6 25. Nxc7 Qxc7 26. Rb1 Rg8 27. Bc1 Rh8 28. a5 c4
29. Qd2 Kg8 30. Rg6 Nc6 31. Ng5 fxg5 32. Qxg5 Rh7 33. f6 Be6 34. Ba3 c3 35.
fxg7 Rxg7 36. Rxg7+ Qxg7 37. Qxg7+ Kxg7 38. Rxb7+ Kg6 39. Rc7 Rc8 40. Rxc8 Bxc8
41. Kf2 Nxa5 42. Ke3 Nb3 43. d4 exd4+ 44. Kd3 a5 45. Bf1 Ba6+ 46. Kc2 Na1+ 47.
Kb1 Bxf1 48. Kxa1 d3 49. Kb1 d2 50. Kc2 0-1

[Event "Sparkassen-Open B"]
[Site "Heusenstamm, Martinsee"]
[Date "2016.11.27"]
[Round "2.24"]
[White "Herdt, Werner"]
[Black "Haack, Kevin"]
[Result "1-0"]
[WhiteElo "1404"]
[BlackElo "1644"]
[PlyCount "133"]
[EventDate "2016.??.??"]
[WhiteTeam "SF Heusenstamm"]
[BlackTeam "SC Sulzbach"]

1. d4 d5 2. c4 e6 3. Nc3 Nf6 4. Nf3 a6 5. a4 c6 6. Bg5 Nbd7 7. e3 Be7 8. Bd3
dxc4 9. Bxc4 b5 10. axb5 cxb5 11. Bxb5 Bb7 12. Be2 O-O 13. O-O Nd5 14. Bxe7
Qxe7 15. Nxd5 Bxd5 16. Rxa6 Rab8 17. Qd2 Qb4 18. Qxb4 Rxb4 19. Ra7 Rxb2 20.
Rxd7 Rxe2 21. Ne5 f6 22. Nd3 Rd2 23. Nf4 Bc4 24. Rc1 Rb8 25. Rc7 Rc2 26. Rc8+
Kf7 27. Rc7+ Ke8 28. Ra1 Ra2 29. Re1 Rc2 30. Rxg7 Rbb2 31. f3 e5 32. dxe5 fxe5
33. Nh3 Kf8 34. Rg3 Rc3 35. e4 Re3 36. Rc1 Rbe2 37. Kh1 Be6 38. Ng1 Rd2 39. h4
Rdd3 40. Rg5 Rd2 41. Rxe5 Bd7 42. Rg5 Rb3 43. Rd5 Rxd5 44. exd5 Rd3 45. Rc5 Ke7
46. Kh2 Kd6 47. Ra5 Rxd5 48. Rxd5+ Kxd5 49. Kg3 Ke5 50. h5 Kf5 51. Kh4 Kf4 52.
g3+ Kf5 53. g4+ Kf4 54. g5 Bf5 55. h6 Bg6 56. Ne2+ Kxf3 57. Nd4+ Ke4 58. Ne6
Ke5 59. Nf8 Bf5 60. Kh5 Be4 61. g6 Bxg6+ 62. Nxg6+ Kf6 63. Nf8 Ke5 64. Kg5 Kd5
65. Nxh7 Ke6 66. Kg6 Ke7 67. Kg7 1-0

[Event "Sparkassen-Open B"]
[Site "Heusenstamm, Martinsee"]
[Date "2016.11.27"]
[Round "2.25"]
[White "Strate, Wolfgang"]
[Black "Senatov, Boris"]
[Result "1-0"]
[WhiteElo "1637"]
[BlackElo "1404"]
[PlyCount "120"]
[EventDate "2016.??.??"]
[WhiteTeam "SC Eschbach"]
[BlackTeam "SC Heusenstamm"]

1. d4 Nf6 2. f3 d5 3. e4 dxe4 4. Nc3 exf3 5. Nxf3 Nc6 6. Bc4 Bg4 7. Be3 e6 8.
O-O Be7 9. h3 Bh5 10. Qd2 O-O 11. g4 Bg6 12. Rad1 Nd5 13. Nxd5 exd5 14. Bd3
Bxd3 15. Qxd3 Nb4 16. Qb3 Rb8 17. c3 Na6 18. Rf2 c6 19. Ne5 Bd6 20. Bf4 Nc7 21.
Rdf1 Ne6 22. Be3 Bxe5 23. dxe5 Ng5 24. Kg2 b6 25. Bxg5 Qxg5 26. Rf5 Qe7 27. Re1
g6 28. Rf6 Rb7 29. Rxc6 Rd7 30. Qd1 Qd8 31. e6 Rd6 32. e7 Qd7 33. exf8=Q+ Kxf8
34. Rxd6 Qxd6 35. Qe2 Qc6 36. Qe7+ Kg7 37. Qe5+ Kg8 38. Kg3 Qc4 39. Qd4 Qc7+
40. Qe5 Qc4 41. b3 Qd3+ 42. Re3 Qf1 43. Re1 Qd3+ 44. Kg2 Qd2+ 45. Re2 Qd3 46.
Rf2 Kf8 47. Qf6 Qe4+ 48. Qf3 Qe6 49. Rd2 a6 50. Qxd5 Qe1 51. Rf2 Qe7 52. Rd2
Kg7 53. Kf3 Qe1 54. Qd4+ Kg8 55. Kg2 Qe6 56. Kf1 h5 57. Re2 Qc8 58. Rd2 Kh7 59.
Rf2 Qe6 60. c4 a5 1-0

[Event "Sparkassen-Open B"]
[Site "Heusenstamm, Martinsee"]
[Date "2016.11.27"]
[Round "2.26"]
[White "Burow, Roger"]
[Black "Häfner, Günther"]
[Result "1-0"]
[WhiteElo "1610"]
[BlackElo "892"]
[PlyCount "69"]
[EventDate "2016.??.??"]
[WhiteTeam "SV Kelsterbach"]
[BlackTeam "FV Berkersheim"]

1. e4 c5 2. d4 cxd4 3. c3 Nf6 4. e5 Nd5 5. cxd4 e6 6. a3 Be7 7. Nf3 O-O 8. Bd3
f6 9. Qc2 f5 10. O-O b6 11. Nc3 Bb7 12. Ne2 Qe8 13. Ng3 Ba6 14. Rd1 Bxd3 15.
Rxd3 Nc6 16. Qe2 Nd8 17. Ne1 Rc8 18. Bd2 Nf7 19. Nh5 g6 20. Rg3 Kh8 21. Nf4
Nxf4 22. Bxf4 Rg8 23. Rh3 Bg5 24. Nd3 Qe7 25. Be3 Bxe3 26. Rxe3 Rc4 27. d5 exd5
28. e6 dxe6 29. Rxe6 Qd7 30. Re7 Re4 31. Qxe4 dxe4 32. Rxd7 Kg7 33. Ne5 Rf8 34.
Rxa7 Kf6 35. Nd7+ 1-0

[Event "Sparkassen-Open B"]
[Site "Heusenstamm, Martinsee"]
[Date "2016.11.27"]
[Round "2.27"]
[White "Urbach, Jens"]
[Black "Pomrehn, Ole Magnus"]
[Result "1-0"]
[WhiteElo "1599"]
[BlackElo "1137"]
[PlyCount "67"]
[EventDate "2016.??.??"]
[WhiteTeam "SF Frankfurt"]
[BlackTeam "SF Schöneck"]

1. e4 c6 2. d4 d5 3. e5 Bf5 4. Be2 e6 5. Bg4 Ne7 6. Bg5 Bxg4 7. Qxg4 h6 8. Bxe7
Qxe7 9. Nf3 Qb4+ 10. Nbd2 g6 11. Rb1 Nd7 12. O-O Be7 13. c3 Qb6 14. c4 Rc8 15.
c5 Qd8 16. Ne1 Bg5 17. f4 Be7 18. Qf3 a6 19. Nc2 Rh7 20. Ne3 h5 21. Qh3 Bf8 22.
g4 Rb8 23. f5 gxf5 24. gxf5 Qg5+ 25. Kh1 Qe7 26. fxe6 Qxe6 27. Nf5 Rh8 28. Nf3
h4 29. Ng5 Qg6 30. Rg1 Qh5 31. Nd6+ Bxd6 32. exd6 Kd8 33. Rbf1 Rf8 34. Qf5 1-0

[Event "Sparkassen-Open B"]
[Site "Heusenstamm, Martinsee"]
[Date "2016.11.27"]
[Round "2.29"]
[White "Rupp, Arnim"]
[Black "Werner, Tom"]
[Result "1-0"]
[WhiteElo "1280"]
[BlackElo "1667"]
[PlyCount "119"]
[EventDate "2016.??.??"]
[WhiteTeam "SC Eschborn"]
[BlackTeam "VSG Offenbach"]

1. d4 d5 2. Nf3 e6 3. Bf4 Nf6 4. h3 c5 5. c3 Qb6 6. Qb3 Qxb3 7. axb3 Nc6 8. e3
a6 9. Nbd2 Be7 10. Bd3 O-O 11. O-O Bd7 12. Ne5 b5 13. Nxd7 Nxd7 14. Ra2 c4 15.
bxc4 bxc4 16. Bc2 Nb6 17. Rfa1 a5 18. b3 Ra7 19. bxc4 Nxc4 20. Nxc4 dxc4 21.
Ra4 f5 22. Rxc4 Nd8 23. Bc7 Nb7 24. Bb6 Ra6 25. Rb1 Nd6 26. Rc5 Rb8 27. Bxa5
Rxb1+ 28. Bxb1 Ne4 29. Rc8+ Kf7 30. Bxe4 Rxa5 31. Bf3 Bd6 32. g3 Ra1+ 33. Kg2
Rc1 34. c4 Bb4 35. Bb7 Rc2 36. c5 Be1 37. h4 Bxf2 38. Kf3 Bg1 39. g4 Rf2+ 40.
Kg3 fxg4 41. Kxg4 Re2 42. Ra8 Rxe3 43. c6 Rc3 44. Ra4 Kg6 45. Kf4 Kf6 46. Ke4
h6 47. d5 Re3+ 48. Kf4 e5+ 49. Kg4 g6 50. h5 g5 51. c7 Bh2 52. Ra6+ Kf7 53. d6
Rg3+ 54. Kf5 Rh3 55. Bd5+ Kg7 56. c8=Q Bg1 57. Ra7+ Bxa7 58. Qd7+ Kh8 59. Qxa7
g4 60. Kg6 1-0

[Event "Sparkassen-Open B"]
[Site "Heusenstamm, Martinsee"]
[Date "2016.11.27"]
[Round "2.30"]
[White "Martin, Lukas"]
[Black "Friedel, Thomas"]
[Result "1-0"]
[WhiteElo "1421"]
[BlackElo "1578"]
[PlyCount "69"]
[EventDate "2016.??.??"]
[WhiteTeam "SC Bad Soden"]
[BlackTeam "SV Groß-Gerau"]

1. d4 d5 2. c4 c6 3. Nc3 dxc4 4. e4 b5 5. Nf3 e6 6. g3 Nf6 7. Bg2 Bb4 8. Qc2
Nbd7 9. O-O Bb7 10. Bf4 O-O 11. Ng5 g6 12. h4 Nh5 13. Be3 Ndf6 14. Bf3 h6 15.
Nh3 Kg7 16. g4 Nxg4 17. Bxg4 Qxh4 18. Bxh5 Qxh5 19. Nf4 Qg4+ 20. Ng2 Rac8 21.
f3 Qg3 22. Bf4 Qh3 23. Kf2 e5 24. Rh1 Qd7 25. Bxh6+ Kg8 26. Bxf8 Qxd4+ 27. Kg3
Bxf8 28. Rad1 Qb6 29. Rh3 Bg7 30. Rdh1 Qd8 31. Qc1 Rc7 32. Rd1 Qf6 33. b3 Qe6
34. Rd8+ Bf8 35. Qh6 1-0

[Event "Sparkassen-Open B"]
[Site "Heusenstamm, Martinsee"]
[Date "2016.11.27"]
[Round "2.31"]
[White "Hagner, Bennet"]
[Black "Lambrecht, Harald"]
[Result "1-0"]
[WhiteElo "1543"]
[BlackElo "1427"]
[PlyCount "39"]
[EventDate "2016.??.??"]
[WhiteTeam "Frankfurter TV"]
[BlackTeam "SK Celle-Westercelle"]

1. e4 d5 2. exd5 Qxd5 3. Nc3 Qa5 4. d4 Nf6 5. Nf3 Ne4 6. Bd2 Nxd2 7. Qxd2 Bg4
8. Bb5+ c6 9. Be2 e6 10. Ne5 Bxe2 11. Qxe2 Be7 12. O-O Qb6 13. Qg4 Bf6 14. Ne4
Bxe5 15. dxe5 Kf8 16. Rad1 Qc7 17. Qf4 Qe7 18. Rd6 Nd7 19. Rfd1 Rd8 20. Nc5 1-0

[Event "Sparkassen-Open B"]
[Site "Heusenstamm, Martinsee"]
[Date "2016.11.27"]
[Round "2.32"]
[White "Ebeling, Gereon"]
[Black "Lehmann, Nils"]
[Result "1/2-1/2"]
[WhiteElo "1356"]
[BlackElo "1505"]
[PlyCount "93"]
[EventDate "2016.??.??"]
[WhiteTeam "SK Mainaschaff"]
[BlackTeam "SV Lahn Limburg"]

1. e4 e5 2. Nf3 Nc6 3. c3 Nf6 4. d4 exd4 5. e5 Nd5 6. cxd4 d6 7. Bb5 Bd7 8. O-O
a6 9. Ba4 dxe5 10. Bxc6 Bxc6 11. Nxe5 Bd6 12. Nxc6 bxc6 13. Re1+ Be7 14. Qg4
O-O 15. Nc3 Bf6 16. Nxd5 cxd5 17. Bd2 Qc8 18. Qxc8 Raxc8 19. Bc3 Rfe8 20. Kf1
Re6 21. Re2 Rxe2 22. Kxe2 Re8+ 23. Kd3 h6 24. Re1 Rxe1 25. Bxe1 Kf8 26. Bb4+
Ke8 27. Bc5 Be7 28. Ke3 Bxc5 29. dxc5 Kd7 30. Kd4 c6 31. f4 Ke6 32. b4 Kd7 33.
a4 Kc7 34. h3 Kb7 35. b5 cxb5 36. axb5 axb5 37. Kxd5 Kc7 38. f5 Kd7 39. g4 g6
40. h4 g5 41. h5 f6 42. c6+ Kc7 43. Kc5 b4 44. Kxb4 Kxc6 45. Kc4 Kd6 46. Kd4
Kc6 47. Kc4 1/2-1/2

[Event "Sparkassen-Open B"]
[Site "Heusenstamm, Martinsee"]
[Date "2016.11.27"]
[Round "2.33"]
[White "Troeger, Beate"]
[Black "Werner, Rosalie"]
[Result "1-0"]
[WhiteElo "1499"]
[BlackElo "1380"]
[PlyCount "59"]
[EventDate "2016.??.??"]
[WhiteTeam "Vorw.Orient Mainz"]
[BlackTeam "VSG Offenbach"]

1. f4 d5 2. Nf3 Nf6 3. e3 g6 4. Nc3 Bg7 5. b3 a6 6. Bb2 c5 7. Bd3 Nc6 8. O-O
O-O 9. a4 e6 10. Ne2 Re8 11. Ng3 Nd7 12. Bxg7 Kxg7 13. c4 Nb4 14. Be2 b6 15. d4
Bb7 16. Qd2 Nf6 17. Ne5 Ne4 18. Nxe4 dxe4 19. Rad1 f6 20. Ng4 h5 21. Nf2 e5 22.
fxe5 fxe5 23. dxc5 Qxd2 24. Rxd2 bxc5 25. Rd7+ Kg8 26. Rxb7 Nc2 27. Nxe4 Nxe3
28. Rff7 Nf5 29. Nf6+ Kh8 30. Rh7# 1-0

[Event "Sparkassen-Open B"]
[Site "Heusenstamm, Martinsee"]
[Date "2016.11.27"]
[Round "2.34"]
[White "Junkers, Günter"]
[Black "Klikic, Drazen"]
[Result "0-1"]
[WhiteElo "1255"]
[BlackElo "1497"]
[PlyCount "52"]
[EventDate "2016.??.??"]
[WhiteTeam "SG Rödermark"]
[BlackTeam "SC Nied"]

1. e4 e5 2. Nf3 Nc6 3. d4 exd4 4. Nxd4 Nf6 5. Nxc6 bxc6 6. e5 Nd5 7. Be2 Qe7 8.
Qd4 d6 9. Bf4 Nxf4 10. Qxf4 dxe5 11. Qe4 Bd7 12. Nd2 g6 13. Nc4 Bg7 14. O-O O-O
15. Na5 Qf6 16. Rad1 Rfd8 17. Nb7 Bf5 18. Rxd8+ Rxd8 19. Qa4 Rd2 20. Rd1 Rxe2
21. Rd8+ Qxd8 22. h3 Qd4 23. Qxc6 Re1+ 24. Kh2 Qf4+ 25. g3 Qxf2+ 26. Qg2 Be4
0-1

[Event "Sparkassen-Open B"]
[Site "Heusenstamm, Martinsee"]
[Date "2016.11.27"]
[Round "2.35"]
[White "Giebitz, Walter"]
[Black "Hänselmann, Hendrik"]
[Result "1-0"]
[WhiteElo "1495"]
[BlackElo "1337"]
[PlyCount "151"]
[EventDate "2016.??.??"]
[WhiteTeam "SC Steinbach"]
[BlackTeam "Karlsruher SF"]

1. e4 c5 2. Nc3 a6 3. Nf3 e6 4. Be2 d6 5. d4 cxd4 6. Nxd4 Nf6 7. O-O Be7 8. Bg5
O-O 9. Qd2 b5 10. a3 Bb7 11. Bf3 Qc7 12. Rfe1 Nbd7 13. Rad1 Rac8 14. Re2 Rfd8
15. Bf4 Re8 16. Bg3 h6 17. Rde1 e5 18. Nf5 Bf8 19. Rd1 Re6 20. Ne3 g6 21. Ncd5
Nxd5 22. Nxd5 Bxd5 23. Bg4 Ree8 24. Bxd7 Qxd7 25. Qxd5 Rc5 26. Qd2 Rec8 27. c3
Qc7 28. f4 Qb6 29. Bf2 Qc6 30. Bxc5 Qxc5+ 31. Kf1 Re8 32. fxe5 dxe5 33. Qd5 Qb6
34. Qd7 Re6 35. Rf2 Re7 36. Qd8 Qc6 37. Qd5 Qb6 38. Qd6 Qb7 39. Qd5 Qb6 40.
Rdd2 Re6 41. Rf3 Qd6 42. Qxd6 Rxd6 43. Rxd6 Bxd6 44. Rf6 Bc5 45. Rxa6 Be3 46.
Ke2 Bf4 47. h3 Kg7 48. Rb6 h5 49. Rxb5 Kf6 50. Kf3 Kg5 51. g3 Bc1 52. Rxe5+ Kf6
53. Rb5 Ke6 54. c4 Kd6 55. a4 Kc6 56. b3 Bd2 57. a5 Bc3 58. a6 Bd4 59. Rb7 f6
60. Rg7 g5 61. a7 Bxa7 62. Rxa7 Kc5 63. Rf7 h4 64. gxh4 gxh4 65. Rxf6 Kb4 66.
e5 Kc5 67. e6 Kd6 68. b4 Ke7 69. Rh6 Kd6 70. c5+ Kc7 71. Rh7+ Kd8 72. c6 Kc8
73. e7 Kc7 74. e8=Q+ Kd6 75. Rh6+ Kd5 76. Qe4# 1-0

[Event "Sparkassen-Open B"]
[Site "Heusenstamm, Martinsee"]
[Date "2016.11.27"]
[Round "2.36"]
[White "Prümm, Stephan"]
[Black "Laznik, Zeljko"]
[Result "1-0"]
[WhiteElo "1482"]
[BlackElo "1198"]
[PlyCount "63"]
[EventDate "2016.??.??"]
[WhiteTeam "SC Heusenstamm"]
[BlackTeam "BSG Deutsche Bank Ffm"]

1. e4 e5 2. f4 Nc6 3. Nf3 d6 4. Bc4 h6 5. O-O Bg4 6. c3 exf4 7. d4 g5 8. Qb3
Rh7 9. Qxb7 Bd7 10. Bd3 Rg7 11. e5 Rb8 12. Qa6 Rb6 13. Qc4 Na5 14. Qd5 Nb7 15.
Qe4 Be6 16. d5 Nc5 17. Qd4 Nxd3 18. Qxd3 Bc8 19. Re1 Be7 20. Nbd2 Kf8 21. Nd4
dxe5 22. Rxe5 Bf6 23. Re1 Qxd5 24. b3 Bb7 25. Ba3+ Be7 26. Bxe7+ Nxe7 27. Qe2
Kg8 28. Nc4 Rf6 29. Rad1 Ng6 30. Nf3 Qc6 31. Rd8+ Kh7 32. Nxg5+ 1-0

[Event "Sparkassen-Open B"]
[Site "Heusenstamm, Martinsee"]
[Date "2016.11.27"]
[Round "2.37"]
[White "Pessotschinski, Eduard"]
[Black "Held, Gerd"]
[Result "0-1"]
[WhiteElo "1139"]
[BlackElo "1464"]
[PlyCount "88"]
[EventDate "2016.??.??"]
[WhiteTeam "TuS Makkabi"]
[BlackTeam "SC Groß-Zimmern"]

1. e4 c5 2. Nf3 g6 3. Bc4 Bg7 4. Nc3 d6 5. d4 cxd4 6. Nxd4 a6 7. a4 Bd7 8. Qf3
e6 9. Be3 Nc6 10. O-O-O Ne5 11. Qe2 Nxc4 12. Qxc4 Rc8 13. Qb4 Qc7 14. Nde2 Ke7
15. Bb6 Qb8 16. f4 Rc6 17. e5 Nh6 18. exd6+ Ke8 19. Bc7 Qa7 20. Ne4 Nf5 21. Rd3
Ne3 22. c3 Nd5 23. Qb3 Nxc7 24. dxc7 Rxc7 25. Nd6+ Ke7 26. Qb4 Qc5 27. Qxc5
Rxc5 28. Nxb7 Rc6 29. Rhd1 Rc7 30. Nd6 Rb8 31. Nxf7 Bxa4 32. Nd6 Bxd1 33. Rxd1
Rd7 34. Ne4 Rxd1+ 35. Kxd1 Rxb2 36. Nc5 a5 37. Na4 Ra2 38. Nc5 a4 39. Nd4 Bxd4
40. cxd4 Rxg2 41. Nxa4 Rxh2 42. Nc5 Kd6 43. Ne4+ Kd5 44. Nd2 Rf2 0-1

[Event "Sparkassen-Open B"]
[Site "Heusenstamm, Martinsee"]
[Date "2016.11.27"]
[Round "2.39"]
[White "Solovej, Philip"]
[Black "Popp, Johann"]
[Result "1/2-1/2"]
[WhiteElo "1132"]
[BlackElo "1442"]
[PlyCount "153"]
[EventDate "2016.??.??"]
[WhiteTeam "SK Gründau"]
[BlackTeam "SG Rödermark"]

1. e4 c6 2. Nf3 d5 3. exd5 cxd5 4. Bb5+ Nc6 5. d4 Qb6 6. Nc3 e6 7. a3 a6 8. Ba4
Nf6 9. Ne5 Nd7 10. Nxc6 bxc6 11. Bb3 Be7 12. O-O O-O 13. Be3 Qc7 14. Qf3 c5 15.
dxc5 Nxc5 16. Bxc5 Bxc5 17. Rad1 Bb7 18. Qd3 Rfd8 19. Na4 Bd6 20. g3 Rac8 21.
Qc3 Qb8 22. Qd4 Bc7 23. Nb6 Bxb6 24. Qxb6 Rc6 25. Qd4 Rdc8 26. Rd3 Rc5 27. Re1
Qc7 28. Ree3 a5 29. Rc3 Rxc3 30. Rxc3 Qd8 31. Rxc8 Qxc8 32. Qb6 Qa8 33. Ba4 g6
34. Qb5 Kg7 35. Qd3 h5 36. Qd4+ Kg8 37. h4 Qa6 38. Qf6 Qa8 39. Qe7 Bc6 40. Bxc6
Qxc6 41. Qd8+ Kg7 42. Qxa5 Kf6 43. Qc3+ Qxc3 44. bxc3 Ke5 45. Kf1 Kd6 46. Ke2
Kc5 47. Kd3 e5 48. a4 f5 49. f4 e4+ 50. Ke3 Kc4 51. Kd2 Kc5 52. Ke3 Kc4 53. a5
Kb5 54. Kd4 Kxa5 55. c4 dxc4 56. Kxc4 Kb6 57. Kd4 Kc6 58. c4 Kd6 59. c5+ Kc6
60. Kc4 e3 61. Kd3 Kxc5 62. Kxe3 Kc4 63. Kd2 Kd4 64. Ke2 Ke4 65. Kf2 Kd3 66.
Kf3 Kd2 67. Kf2 Kd1 68. Kf1 Kd2 69. Kf2 Kd3 70. Kf3 Kd4 71. Kf2 Kd5 72. Ke3 Kc4
73. Ke2 Kd4 74. Kd2 Kd5 75. Kd3 Kc5 76. Kc3 Kd6 77. Kd4 1/2-1/2

[Event "Sparkassen-Open B"]
[Site "Heusenstamm, Martinsee"]
[Date "2016.11.27"]
[Round "2.40"]
[White "Fritsch, Reinhold"]
[Black "Mainka, Susanne"]
[Result "1-0"]
[WhiteElo "1441"]
[BlackElo "1147"]
[PlyCount "69"]
[EventDate "2016.??.??"]
[WhiteTeam "SC Somborn"]
[BlackTeam "SG Wächtersbach"]

1. e4 d5 2. exd5 Qxd5 3. Nc3 Qa5 4. d4 c5 5. Nf3 e6 6. Bd3 Nc6 7. Be2 Nf6 8.
O-O a6 9. Bf4 Nd5 10. Nxd5 exd5 11. Re1 Be7 12. c3 O-O 13. Qc2 c4 14. Ne5 Be6
15. Nxc6 bxc6 16. Bf3 Rae8 17. Re2 c5 18. Rae1 cxd4 19. cxd4 Bb4 20. Ra1 Qb6
21. Be3 Qd6 22. Bd2 Qb6 23. Bxb4 Qxb4 24. Rae1 Qb6 25. Bxd5 Bd7 26. Bxf7+ Kxf7
27. Qxc4+ Be6 28. d5 Bd7 29. d6+ Be6 30. Rxe6 Rc8 31. Re7+ Kg6 32. Qg4+ Kh6 33.
Qxg7+ Kh5 34. R1e5+ Kh4 35. Qg3# 1-0

[Event "Sparkassen-Open B"]
[Site "Heusenstamm, Martinsee"]
[Date "2016.11.27"]
[Round "2.41"]
[White "Eckhoff, Mathias"]
[Black "Spill, Werner"]
[Result "0-1"]
[WhiteElo "968"]
[BlackElo "1436"]
[PlyCount "76"]
[EventDate "2016.??.??"]
[WhiteTeam "SK Hungen"]
[BlackTeam "SC Königsspringer Alzenau"]

1. e4 c6 2. Bc4 e6 3. d3 d5 4. exd5 exd5 5. Bb3 Bd6 6. Be3 Be6 7. Nf3 h6 8.
Nbd2 Nf6 9. Nd4 Bd7 10. Qe2 O-O 11. O-O-O c5 12. N4f3 d4 13. Nc4 Bc7 14. Bd2
Re8 15. Nce5 Be6 16. Rde1 Bxb3 17. axb3 Qd5 18. Bf4 Nc6 19. h3 Nh5 20. g3 Nxf4
21. gxf4 f6 22. Rhg1 fxe5 23. f5 Rf8 24. Nh4 Rf6 25. Qg4 Qd7 26. Qe4 Bd6 27.
Rg6 Raf8 28. Reg1 R8f7 29. Rxf6 Rxf6 30. Qg4 Qf7 31. Qe4 a6 32. Kd2 Qd7 33.
Qd5+ Kh7 34. Qg2 Kh8 35. Ng6+ Kg8 36. Qd5+ Qf7 37. Qe4 Ne7 38. Nxe7+ Qxe7 0-1